Statystyki dla Państwo Azji na literę...

Kliknij tutaj aby rozwiązać quiz!

Ogólne statystyki

  • Ten quiz został rozwiązany 53 razy
  • Średni wynik to 17 z 19

Statystyki odpowiedzi

LiteraPaństwo% Poprawnych
AAfganistan | Arabia Saudyjska | Armenia | Azerbejdżan
100%
CChiny | Cypr
100%
IIndie | Indonezja | Irak | Iran | Izrael
100%
JJaponia | Jemen | Jordania
96%
KKambodża | Katar | Kazachstan | Kirgistan | Korea Południowa | Korea Północna | Kuwejt
96%
MMalediwy | Mjanma | Mongolia | Malezja
96%
TTadżykistan | Tajwan | Tajlandia | Timor Wschodni | Turcja | Turkmenistan
96%
BBahrajn | Bangladesz | Bhutan | Brunei
94%
FFilipiny
94%
OOman
94%
UUzbekistan
94%
RRosja
91%
LLaos | Liban
89%
SSingapur | Sri Lanka | Syria
87%
GGruzja
85%
PPakistan
85%
WWietnam
77%
ZZjednoczone Emiraty Arabskie
74%
NNepal
68%

Rozkład punktacji

Percentyl według liczby udzielonych odpowiedzi

Procent ludzi z każdym wynikiem

Twoja historia wyników

Nie rozwiązałeś tego quizu